TOEFL vocabulary : 500 commonly used words for the TOEFL reading comprehension tests

Gespeichert in:
Bibliographische Detailangaben
1. Verfasser: Nguyễn, Thanh Chương
Format: Buch
Sprache:Undetermined
Veröffentlicht: Tp. Hồ Chí Minh Trẻ 1999
Schlagworte:
Tags: Tag hinzufügen
Keine Tags, Fügen Sie den ersten Tag hinzu!
Thư viện lưu trữ: Trung tâm Học liệu Trường Đại học Cần Thơ
LEADER 00681nam a2200193Ia 4500
001 CTU_36882
008 210402s9999 xx 000 0 und d
082 |a 428.0076 
082 |b Ch561 
100 |a Nguyễn, Thanh Chương 
245 0 |a TOEFL vocabulary : 
245 0 |b 500 commonly used words for the TOEFL reading comprehension tests 
245 0 |c Nguyễn Thanh Chương 
260 |a Tp. Hồ Chí Minh 
260 |b Trẻ 
260 |c 1999 
650 |a English language,English language,English language 
650 |x Glossaries, vocabularies, etc,Study and teaching,Textbooks for foreign speakers 
980 |a Trung tâm Học liệu Trường Đại học Cần Thơ